Draw All Indian State Borders - Statistics

General Stats
  • This quiz has been taken 40 times
    38 since last reset
  • The average score is 31 of 119
Answers on the Map
Answers color-coded by a green-red scale on the quiz's map according to % correct below.
 
Answer Stats
Answer % Correct
Kerala-Tamil Nadu
67%
Goa-Arabian Sea
58%
Karnataka-Kerala
58%
Maharashtra-Arabian Sea
58%
Tamil Nadu-Bay of Bengal
58%
Kerala-Arabian Sea
54%
Punjab-Rajasthan
54%
Uttar Pradesh-Madhya Pradesh
54%
Andhra Pradesh-Tamil Nadu
50%
Gujarat-Arabian Sea
50%
Gujarat-Maharashtra
50%
Karnataka-Arabian Sea
50%
Karnataka-Maharashtra
50%
Madhya Pradesh-Maharashtra
50%
Punjab-Haryana
50%
Sikkim-West Bengal
50%
Uttar Pradesh-Haryana
50%
West Bengal-Assam
50%
Andhra Pradesh-Telangana
46%
Goa-Karnataka
46%
Haryana-Delhi
46%
Karnataka-Telangana
46%
Odisha-West Bengal
46%
Rajasthan-Gujarat
46%
Rajasthan-Uttar Pradesh
46%
Telangana-Maharashtra
46%
West Bengal-Bay of Bengal
46%
Andhra Pradesh-Karnataka
42%
Bihar-Jharkhand
42%
Bihar-Uttar Pradesh
42%
Bihar-West Bengal
42%
Goa-Maharashtra
42%
Himachal Pradesh-Punjab
42%
Punjab-Jammu & Kashmir
42%
Punjab-Punjab
42%
Rajasthan-Haryana
42%
Rajasthan-Madhya Pradesh
42%
Tamil Nadu-Karnataka
42%
Andhra Pradesh-Bay of Bengal
38%
Andhra Pradesh-Odisha
38%
Gujarat-Madhya Pradesh
38%
Odisha-Bay of Bengal
38%
Odisha-Jharkhand
38%
Tammil Nadu-Indian Ocean
38%
Arunachal Pradesh-Assam
33%
Assam-Meghalaya
33%
Assam-Nagaland
33%
Assam-Tripura
33%
Delhi-Uttar Pradesh
33%
HImachal Pradesh-Haryana
33%
Jharkhand-West Bengal
33%
Odisha-Telangana
33%
Uttarakhand-Uttar Pradesh
33%
Chattisgarh-Jharkhand
29%
Chattisgarh-Maharashtra
29%
Gujarat-Sindh
29%
Himachal Pradesh-Jammu & Kashmir
29%
Himachal Pradesh-Uttarakhand
29%
Telangana-Chattisgarh
29%
Tripura-Mizoram
29%
Uttar Pradesh-Chattisgarh
29%
Uttar Pradesh-Jharkhand
29%
Chattisgarh-Madhya Pradesh
25%
Chattisgarh-Odisha
25%
Rajasthan-Sindh
25%
Sikkim-Tibet
25%
Arunachal Pradesh-Tibet
21%
Jammu & Kashmir-Punjab
21%
Jammu & Kashmir-Tibet
21%
Manipur-Nagaland
21%
Mizoram-Assam
21%
Rajsthan-Punjab
21%
Tripura-Chitt
21%
Arunachal Pradesh-Nagaland
17%
Assam-Manipur
17%
Himachal Pradesh-Tibet
17%
Meghalaya-Rangpur
17%
West Bengal-Rangpur
17%
Jammu & Kashmir-Gilgit Baltistan
13%
Manipur-Mizoram
13%
Meghalaya-Mymensingh
13%
Meghalaya-Sylhet
13%
Mizoram-Chittagong
13%
Mizoram-Manipur
13%
West Bengal-Khulna
13%
Assam-Rangpur
8%
Assam-Sylhet
8%
Uttarakhand-Tibet
8%
West Bengal-Rajshahi
8%
Manipur-Chin
4%
Mizoram-Chin
4%
Tripura-Sylhet
4%
Arunachal Pradesh-Kachin
0%
Arunachal Pradesh-Sagaing
0%
Arunachal Pradesh-Samdrup Jongkhar
0%
Arunachal Pradesh-Trashigang
0%
Arunachal Pradesh-Trashiyangtse
0%
Assam-Samdrup Jonghkar
0%
Assam-Sarpang
0%
Assam-Zhengang
0%
Bihar-Gandaki
0%
Bihar-Koshi
0%
Bihar-Madhesh
0%
Bihar-Magmati
0%
Jammu & Kashmir-Azad Jammu & Kashmir
0%
Jammu & Kashmir-Xijiang
0%
Manipur-Sagaing
0%
Nagaland-Sagaing
0%
Sikkim-Haa
0%
Sikkim-Koshi
0%
Sikkim-Paro
0%
Sikkim-Samtse
0%
Uttarakhand-Sudurpashchim
0%
Uttar Pradesh-Lumbini
0%
Uttar Pradesh-Sudurpashchim
0%
West Bengal-Chhukha
0%
West Bengal-Koshi
0%
West Bengal-Samste
0%
West Bengal-Sarpang
0%
No matching quizzes found
Score Distribution
Percent of People with Each Score
Percentile by Number Answered
Your Score History
You have not taken this quiz since the last reset